LEADER 03656nam 22005652 450 001 996201144303316 005 20151109030845.0 010 $a1-139-81767-1 010 $a1-139-00183-3 035 $a(CKB)1000000000820068 035 $a(SSID)ssj0000371821 035 $a(PQKBManifestationID)11251681 035 $a(PQKBTitleCode)TC0000371821 035 $a(PQKBWorkID)10399208 035 $a(PQKB)10525749 035 $a(UkCbUP)CR9781139001830 035 $a(UK-CbPIL)2050349 035 $a(PPN)176372539 035 $a(EXLCZ)991000000000820068 100 $a20110114d2008|||| uy| 0 101 0 $aeng 135 $aur||||||||||| 181 $ctxt$2rdacontent 182 $cc$2rdamedia 183 $acr$2rdacarrier 200 04$aThe Cambridge companion to the Greek and Roman novel /$fedited by Tim Whitmarsh$b[electronic resource] 210 1$aCambridge :$cCambridge University Press,$d2008. 215 $a1 online resource (xv, 392 pages) $cdigital, PDF file(s) 225 1 $aCambridge companions to literature 300 $aTitle from publisher's bibliographic system (viewed on 09 Nov 2015). 311 $a0-521-68488-9 311 $a0-521-86590-5 320 $aIncludes bibliographical references and index. 327 $aIntroduction / Tim Whitmarsh -- Literary milieux / Ewen Bowie -- The history of sexuality / Helen Morales -- Cultural identity / Susan Stephens -- Class / Tim Whitmarsh -- Religion / Froma Zeitlin -- Travel / James Romm -- Body and text / Jason Ko?nig -- Time / Lawrence Kim -- Politics and spectacles / Catherine Connors -- Genre / Simon Goldhill -- Approaching style and rhetoric / Andrew Laird -- Intertextuality / John Morgan and Stephen Harrison -- Narrative / Tim Whitmarsh and Shadi Bartsch -- Ancient readers / Richard Hunter -- Byzantine readers / Joan B. Burton -- The re-emergence of ancient novels in Western Europe, 1300-1810 / Michael Reeve -- Novels ancient and modern / Gerald Sandy and Stephen Harrison -- Modernity and post-modernity / Massimo Fusillo. 330 $aThe Greek and Roman novels of Petronius, Apuleius, Longus, Heliodorus and others have been cherished for millennia, but never more so than now. The Cambridge Companion to the Greek and Roman Novel contains nineteen original essays by an international cast of experts in the field. The emphasis is upon the critical interpretation of the texts within historical settings, both in antiquity and in the later generations that have been and continue to be inspired by them. All the central issues of current scholarship are addressed: sexuality, cultural identity, class, religion, politics, narrative, style, readership and much more. Four sections cover cultural context of the novels, their contents, literary form, and their reception in classical antiquity and beyond. Each chapter includes guidance on further reading. This collection will be essential for scholars and students, as well as for others who want an up-to-date, accessible introduction into this exhilarating material. 410 0$aCambridge companions to literature. 517 3 $aThe Cambridge Companion to the Greek & Roman Novel 606 $aClassical fiction$xHistory and criticism 615 0$aClassical fiction$xHistory and criticism. 676 $a880.09 686 $a18.43$2bcl 686 $a18.46$2bcl 702 $aWhitmarsh$b Tim 712 12$aInternational Conference on the Ancient Novel$d(4th :$f2008 :$eLisbon, Portugal) 801 0$bUkCbUP 801 1$bUkCbUP 906 $aBOOK 912 $a996201144303316 996 $aCambridge companion to the Greek and Roman novel$91224313 997 $aUNISA LEADER 01624nam 2200469z- 450 001 9910220036003321 005 20210211 035 $a(CKB)3800000000216417 035 $a(oapen)https://directory.doabooks.org/handle/20.500.12854/43043 035 $a(oapen)doab43043 035 $a(EXLCZ)993800000000216417 100 $a20202102d2017 |y 0 101 0 $aeng 135 $aurmn|---annan 181 $ctxt$2rdacontent 182 $cc$2rdamedia 183 $acr$2rdacarrier 200 00$aCharophytes: Evolutionary Ancestors of Plants and Emerging Models for Plant Research 210 $cFrontiers Media SA$d2017 215 $a1 online resource (150 p.) 225 1 $aFrontiers Research Topics 311 08$a2-88945-164-X 330 $aThe charophytes are the group of green algae that are anestral and most closely related to land plants. Today, these organisms are not only important in evoutionary studies but have become outstanding model organisms for plant research. 517 $aCharophytes 606 $aBotany & plant sciences$2bicssc 610 $aCell Biology 610 $aChara 610 $aCharophytes 610 $aevolution 610 $aMicrasterias 610 $aModel organisms 610 $aPenium 610 $aplant 615 7$aBotany & plant sciences 700 $aZo$4auth$01287769 702 $aDavid S. Domozych$4auth 702 $aA. Popper$4auth 702 $aIben Sorensen$4auth 906 $aBOOK 912 $a9910220036003321 996 $aCharophytes: Evolutionary Ancestors of Plants and Emerging Models for Plant Research$93020371 997 $aUNINA